Francie: hrozba ekonomických nerovnováh zatím přetrvává

Stručný pohľad na vývoj francúzskej ekonomiky so zreteľom na: ekonomický rast, konkurencieschopnosť, výskum a vývoj, solidaritu, dôchodkový systém, trh práce, vnútorné ekonomické vzťahy.

Guardado en:
Detalles Bibliográficos
Autor principal: Czesaný, Slavoj
Formato: Capítulo de libro
Lenguaje:checo
Materias:
Etiquetas: Agregar Etiqueta
Sin Etiquetas, Sea el primero en etiquetar este registro!

MARC

LEADER 00000naa a2200000 4500
001 0256945
005 20221104110425.8
041 0 |a cze 
044 |a CZ 
245 1 0 |a Francie: hrozba ekonomických nerovnováh zatím přetrvává  |c Slavoj Czesaný 
520 |a Stručný pohľad na vývoj francúzskej ekonomiky so zreteľom na: ekonomický rast, konkurencieschopnosť, výskum a vývoj, solidaritu, dôchodkový systém, trh práce, vnútorné ekonomické vzťahy. 
610 2 0 |a Francúzsko 
610 2 0 |a vývoj hospodársky 
610 2 0 |a bilancia platobná 
610 2 0 |a konkurencieschopnosť 
610 2 0 |a dôchodky 
610 2 0 |a rozvoj hospodársky 
100 1 |a Czesaný, Slavoj